000 00969nam0a22003011 4500
001 rc\3515448
005 20250610030819.0
021 _aRU
_b[69-37573]
035 _a(NLR Aleph) 007659246
090 _a6313799
_c6313799
100 _a20130115d1970 |||y0rusy50 ca
101 0 _arus
102 _aRU
105 _aa z |||||
200 1 _aБукварь
205 _a5-е изд.
210 _aМосква
_cПросвещение
_d1970
215 _a103 с., 4 отд. л. ил.
_cил.
_d22
300 _aВ вып. дан. авт.: Н. Архангельская, Е. Карлсен, А. Каменова и др.
606 _aРусский язык
_jБуквари
_2psbo
701 1 _aКарлсен
_bЕ.
701 1 _aКеменова
_bА.
701 1 _aАрхангельская
_bН.В.
_gНаталья Вениаминовна
801 0 _aRU
_bNLR
_gpsbo
801 1 _aRU
_bELAR
_2rusmarc
852 _aNLR
_j69-5/2520
942 _cBOOK
980 _aNB